[Event "POL-ch Blitz U18"]
[Site "Bydgoszcz"]
[Date "2023.08.31"]
[Round "1"]
[White "Lecki, Leonard"]
[Black "Protas, Jakub"]
[Result "1-0"]
[WhiteElo "2090"]
[BlackElo "1391"]
[PlyCount "54"]
[EventDate "2023.08.28"]
[EventType "swiss"]
[EventRounds "10"]
[EventCountry "POL"]
[SourceTitle "EXT 2024"]
[Source "ChessBase"]
[SourceDate "2023.10.10"]
[SourceVersion "1"]
[SourceVersionDate "2023.10.10"]
[SourceQuality "1"]

1. b4 Nf6 2. Bb2 d5 3. e3 g6 4. Nf3 Bg7 5. c4 0-0 6. cxd5 Nxd5 7. Bxg7 Kxg7 8. a3 Bg4 9. Be2 e6 10. 0-0 a6 11. h3 Bxf3 12. Bxf3 Nc6 13. d4 Qd7 14. Qb3 Rad8 15. Nd2 Rfe8 16. Ne4 b6 17. Rac1 f5 18. Nc3 Nce7 19. Rfd1 b5 20. Ne2 c6 21. Rc2 Rc8 22. Nc1 Nb6 23. Nd3 Nc4 24. Nc5 Qd6 25. Be2 Nb6 26. Nxe6+ Kf6 27. Nf4 Ned5 1-0